|
|
|
|
| LEADER |
01291nem a2200373 a 4500 |
| 001 |
nkc20152682609 |
| 003 |
CZ PrNK |
| 005 |
20211215140544.0 |
| 007 |
ad canzn |
| 008 |
150306s2012 xr z e 0 cze |
| 015 |
|
|
|a cnb002682609
|
| 020 |
|
|
|q (Brož.) :
|c neprodejné
|
| 034 |
0 |
|
|a a
|
| 040 |
|
|
|a BOA001
|b cze
|
| 043 |
|
|
|a e-xr---
|b e-xr-kr
|2 czenas
|
| 072 |
|
7 |
|a 913(437)
|x Geografie Česka a Slovenska, reálie, cestování
|2 Konspekt
|9 7
|
| 080 |
|
|
|a 913(437.313)
|2 MRF
|
| 080 |
|
|
|a 912.43
|2 MRF
|
| 080 |
|
|
|a (084.41)
|2 MRF
|
| 245 |
0 |
0 |
|a Tematický atlas Královéhradeckého kraje
|h [kartografický dokument]
|
| 255 |
|
|
|a Měřítka různá
|
| 260 |
|
|
|a Hradec Králové :
|b Královéhradecký kraj,
|c 2012
|
| 300 |
|
|
|a 1 atlas (41 s.) :
|b ca 72 barev. map ;
|c 30 cm
|
| 500 |
|
|
|a Název z obálky
|
| 500 |
|
|
|a Mapové podklady Kartografie Praha
|
| 651 |
|
7 |
|a Královéhradecký kraj (Česko : 2000-)
|7 ge135816
|2 czenas
|
| 655 |
|
7 |
|a mapy
|7 fd132800
|2 czenas
|
| 655 |
|
7 |
|a geografické atlasy
|7 fd132400
|2 czenas
|
| 710 |
2 |
|
|a Kartografie Praha (firma)
|7 kn20010724363
|
| 910 |
2 |
|
|a BOA001
|b 4-1344.120
|
| 990 |
|
|
|a MP
|
| 995 |
|
|
|a 60
|
| 991 |
|
|
|b 201504
|c NOV
|e n
|
| 996 |
6 |
|
|b 2610627550
|c 4-1344.120
|l MZK
|r Sklad / do 1 hodiny
|n 0
|p p.v.
|w 001497985
|u 000010
|a 1
|e BOA001
|j MZK50
|s P
|